<?xml version="1.0" encoding="UTF-8"?><?xml-stylesheet type="text/xsl" href="static/style.xsl"?><OAI-PMH xmlns="http://www.openarchives.org/OAI/2.0/" xmlns:xsi="http://www.w3.org/2001/XMLSchema-instance" xsi:schemaLocation="http://www.openarchives.org/OAI/2.0/ http://www.openarchives.org/OAI/2.0/OAI-PMH.xsd"><responseDate>2026-04-13T06:48:07Z</responseDate><request verb="GetRecord" identifier="oai:www.recercat.cat:2445/178089" metadataPrefix="marc">https://recercat.cat/oai/request</request><GetRecord><record><header><identifier>oai:recercat.cat:2445/178089</identifier><datestamp>2025-12-04T20:38:55Z</datestamp><setSpec>com_2072_1057</setSpec><setSpec>col_2072_478800</setSpec><setSpec>col_2072_478917</setSpec></header><metadata><record xmlns="http://www.loc.gov/MARC21/slim" xmlns:dcterms="http://purl.org/dc/terms/" xmlns:xsi="http://www.w3.org/2001/XMLSchema-instance" xmlns:doc="http://www.lyncode.com/xoai" xsi:schemaLocation="http://www.loc.gov/MARC21/slim http://www.loc.gov/standards/marcxml/schema/MARC21slim.xsd">
   <leader>00925njm 22002777a 4500</leader>
   <datafield ind2=" " ind1=" " tag="042">
      <subfield code="a">dc</subfield>
   </datafield>
   <datafield ind2=" " ind1=" " tag="720">
      <subfield code="a">Nieto Nicolau, Núria</subfield>
      <subfield code="e">author</subfield>
   </datafield>
   <datafield ind2=" " ind1=" " tag="720">
      <subfield code="a">de la Torre, Raquel M.</subfield>
      <subfield code="e">author</subfield>
   </datafield>
   <datafield ind2=" " ind1=" " tag="720">
      <subfield code="a">Fariñas, Óscar</subfield>
      <subfield code="e">author</subfield>
   </datafield>
   <datafield ind2=" " ind1=" " tag="720">
      <subfield code="a">Savio, Ándres</subfield>
      <subfield code="e">author</subfield>
   </datafield>
   <datafield ind2=" " ind1=" " tag="720">
      <subfield code="a">Vilarrodona, Anna</subfield>
      <subfield code="e">author</subfield>
   </datafield>
   <datafield ind2=" " ind1=" " tag="720">
      <subfield code="a">Casaroli Marano, Ricardo Pedro</subfield>
      <subfield code="e">author</subfield>
   </datafield>
   <datafield ind2=" " ind1=" " tag="260">
      <subfield code="c">2021-06-08T07:51:52Z</subfield>
   </datafield>
   <datafield ind2=" " ind1=" " tag="260">
      <subfield code="c">2021-06-08T07:51:52Z</subfield>
   </datafield>
   <datafield ind2=" " ind1=" " tag="260">
      <subfield code="c">2020-06-30</subfield>
   </datafield>
   <datafield ind2=" " ind1=" " tag="260">
      <subfield code="c">2021-06-08T07:51:52Z</subfield>
   </datafield>
   <datafield ind2=" " ind1=" " tag="520">
      <subfield code="a">Mesenchymal stem cells (MSC) are heterogeneous cells of complex nature that show different potentials while different culture conditions can modify their functionalities through interactions with the microenviroment. Here, we found that bone marrow (BM) MSC from different donor sources and passages that expressed higher levels of α6 integrin subunit (ITGA6), showed higher clonogenicity, migration and differentiation potential. ITGA6 showed important roles improving these potentials and regulating proliferation through protein kinase B (AKT) pathway and cell cycle inhibitor proteins p53 and p21. Moreover, ITGA6 downregulation impaired migration. Cell confluence regulated ITGA6, increasing its expression in low density cultures and decreasing in high density cultures. Besides, ITGA6- cells expressed ITGA6 when seeded at low densities. We found higher ITGA6 expression on fibronectin substrates at lower confluency. Fibronectin increased proliferation, clonogenicity, activation of AKT, decreased cell cycle inhibitor proteins and augmented growth factors expression. Spheres-derived MSC showed higher ITGA6 expression and enhanced potentials for migration, clonogenicity and proliferation. In conclusion, though there is an intrinsic regulation of ITGA6 expression, associated to the progenitor potential of BM-MSC, this expression is regulated by culture conditions and is translated in changes in cell behavior and proliferation. This knowledge could be used to enhance the potential of BM-MSC for clinical application.</subfield>
   </datafield>
   <datafield tag="653" ind2=" " ind1=" ">
      <subfield code="a">Cèl·lules mare</subfield>
   </datafield>
   <datafield tag="653" ind2=" " ind1=" ">
      <subfield code="a">Proteïnes quinases</subfield>
   </datafield>
   <datafield tag="653" ind2=" " ind1=" ">
      <subfield code="a">Proliferació cel·lular</subfield>
   </datafield>
   <datafield tag="653" ind2=" " ind1=" ">
      <subfield code="a">Stem cells</subfield>
   </datafield>
   <datafield tag="653" ind2=" " ind1=" ">
      <subfield code="a">Protein kinases</subfield>
   </datafield>
   <datafield tag="653" ind2=" " ind1=" ">
      <subfield code="a">Cell proliferation</subfield>
   </datafield>
   <datafield ind2="0" ind1="0" tag="245">
      <subfield code="a">Extrinsic modulation of integrin α6 and progenitor cell behavior in mesenchymal stem cells</subfield>
   </datafield>
</record></metadata></record></GetRecord></OAI-PMH>